002090000a220007300045001000019000002450038000193000046000577730032001031 aPlaceres, Tito10a"No pido nada, pero veo un barco" aVol. 57, Núm 258 (2002), Página 31-350 tLa Biblia de las Américas